चचा सैम के नाम: (Record no. 210351)

MARC details
000 -LEADER
fixed length control field 00930nam a22002057a 4500
005 - DATE AND TIME OF LATEST TRANSACTION
control field 20250318114258.0
010 ## - LCCN (DPL NO)
LC control number HIN-129520
020 ## - INTERNATIONAL STANDARD BOOK NUMBER
Terms of availability 350.00
International Standard Book Number 9789350026502
035 ## - SYSTEM CONTROL NUMBER
System control number HN-101866
037 ## - SOURCE OF ACQUISITION
Source of stock number/acquisition DBAD
082 ## - DEWEY DECIMAL CLASSIFICATION NUMBER
Classification number 826
100 ## - MAIN ENTRY--PERSONAL NAME
Personal name मंटो, सआदत हसन
245 ## - TITLE STATEMENT
Title चचा सैम के नाम:
Remainder of title साथ में पंडित नेहरु के नाम, चचा वाजपेयी के नाम/
Statement of responsibility, etc सआदत हसन मंटो
250 ## - EDITION STATEMENT
Edition statement प्रथम
260 ## - PUBLICATION, DISTRIBUTION, ETC. (IMPRINT)
Place of publication, distribution, etc दिल्ली
Name of publisher, distributor, etc आकार बुक्स
270 ## - ADDRESS
Address 28 ई, पॉकेट IV, मयूर विहार फेज़ 1
City दिल्ली
Postal code 110091
300 ## - PHYSICAL DESCRIPTION
Extent 112पृ.;
Dimensions 22सेमी (सजिल्द)
700 ## - ADDED ENTRY--PERSONAL NAME
Personal name विश्वकर्मा, आर के
9 (RLIN) 79574
Relator term अनुवाद
942 ## - ADDED ENTRY ELEMENTS (KOHA)
Source of classification or shelving scheme Dewey Decimal Classification
Item type Hindi Books
Classification part 826
Call number suffix मंटोस
Holdings
Withdrawn status Lost status Not for loan Collection code Home library Current library Date acquired Source of acquisition Cost, normal purchase price Full call number Barcode Copy number Cost, replacement price Koha item type
      Non-fiction Ashok Vihar Ashok Vihar 18/03/2025 DBAD 350.00 826 मंटोस HN-101866 1 350.00 Hindi Books

© Delhi Public Library
Hit Counter
free hit counter